000 00301 a2200157 4500
001 161565
020 _a
040 _cMagnum
100 _aSchueller, Elcio
240 1 0 _aDoce e salgado
_lpor
245 1 0 _aDoce e salgado
362 0 _a1899
440 1 _aLĂȘ
697 _aI/GERAL
942 _cBK
999 _c161565
_d161565